[Event "DRUZYNOWE MISTRZOSTWA POLSKI - II LIGA 2018"]
[Site "Jastrzebia Gora"]
[Date "1899-12-30"]
[Round "2.71"]
[White "Krawiec, Grzegorz"]
[Black "Rozumek, Krzysztof"]
[Result "1-0"]
[WhiteTitle "I"]
[BlackTitle "I++"]
[WhiteElo "1779"]
[BlackElo "1827"]

1. e4 c6 2. d4 d5 3. e5 Bf5 4. h4 h6 5. g4 Bd7 6. f4 e6 7. c4 dxc4 8. Bxc4 Ne7
9. Nc3 Nd5 10. Nge2 Be7 11. h5 a5 12. Ne4 b5 13. Bd3 Qb6 14. g5 Na6 15. g6 f5
16. exf6 Nxf6 17. Nxf6+ Bxf6 18. Be4 Nb4 19. Be3 Nd5 20. Bf2 Qc7 21. Qd2 Qd6 22.
Rc1 O-O 23. O-O Qe7 24. Qd3 Rac8 25. Rc5 a4 26. Bg2 Bh4 27. Bxh4 Qxh4 28. Qh3
Qxh3 29. Bxh3 Rf6 30. Kh2 Rcf8 31. Kg3 Nb4 32. a3 Nd5 33. Rf3 Rd8 34. Nc3 Ne7
35. Ne4 Rff8 36. Nd6 Rf6 37. Ne4 Rff8 38. Nd6 Rf6 39. Re5 Nd5 40. Ne4 Rff8 41.
Nc5 Nc7 42. Nxd7 Rxd7 43. Rxe6 Rxd4 44. Rxc6 Ne8 45. Be6+ Kh8 46. Rc8 Re4 47.
Bf7 Re7 48. Rd3 b4 49. axb4 a3 50. bxa3 Re1 51. Rdd8 Re3+ 52. Kf2 1-0

[Event "DRUZYNOWE MISTRZOSTWA POLSKI - II LIGA 2018"]
[Site "Jastrzebia Gora"]
[Date "1899-12-30"]
[Round "2.72"]
[White "Kupsik, Joanna"]
[Black "Karykowska, Anna"]
[Result "0-1"]
[WhiteTitle "I"]
[BlackTitle "k"]
[WhiteElo "1727"]
[BlackElo "1836"]

1. e4 c5 2. Nf3 e6 3. d4 cxd4 4. Nxd4 Nc6 5. Nc3 a6 6. Be3 Nf6 7. Nxc6 bxc6 8.
e5 Nd5 9. Bd2 Qb6 10. Rb1 Qd4 11. Qe2 Nxc3 12. Bxc3 Bb4 13. Qd2 Bxc3 14. Qxc3
Qe4+ 15. Kd2 O-O 16. f3 Qd5+ 17. Bd3 a5 18. b3 Ba6 19. Rhe1 a4 20. Re4 axb3 21.
axb3 Bxd3 22. Qxd3 Qa5+ 23. Qc3 Qb6 24. Ra1 Rxa1 25. Qxa1 d6 26. exd6 c5 27. d7
Rd8 28. Ra4 Rxd7+ 29. Ke1 h5 30. Qc3 Qd6 31. Rc4 Qxh2 32. Kf2 Kh7 33. Rxc5 Qh4+
34. Ke2 Qh2 35. Kf2 f5 36. Qe3 Rd1 37. Ke2 Rg1 38. Kd3 Qd6+ 39. Kc4 Rxg2 40. b4
Rxc2+ 41. Kb3 Rd2 42. Kc3 Ra2 43. Kb3 Qa6 44. Qc1 Qa4+ 45. Kc3 Ra3+ 46. Kc4 Qa6+
47. Rb5 Qc6+ 48. Rc5 Qxf3 49. Kb5 Qb7+ 50. Kc4 Qa6+ 51. Rb5 Ra1 52. Qg5 Qa2+ 53.
Kc5 Qd5+ 54. Kb6 Qd6+ 55. Kb7 Qd7+ 56. Kb6 Qa7+ 0-1

[Event "DRUZYNOWE MISTRZOSTWA POLSKI - II LIGA 2018"]
[Site "Jastrzebia Gora"]
[Date "1899-12-30"]
[Round "2.73"]
[White "Zielinski, Przemyslaw"]
[Black "Jedynak, Radoslaw"]
[Result "0-1"]
[WhiteTitle "m"]
[BlackTitle "GM"]
[WhiteElo "2299"]
[BlackElo "2353"]

1. d4 e6 2. Nf3 Nf6 3. g3 b5 4. a4 b4 5. c4 bxc3 6. bxc3 Ba6 7. Nbd2 d5 8. Qc2
c5 9. e3 Bxf1 10. Kxf1 Nbd7 11. a5 Bd6 12. c4 cxd4 13. cxd5 Nxd5 14. Ne4 Be7 15.
exd4 O-O 16. Bg5 Rc8 17. Qe2 N7f6 18. Bxf6 Nxf6 19. Nxf6+ Bxf6 20. Qe4 Qd6 21.
Ra4 Rc3 22. Kg2 Rb8 23. Rd1 g6 24. Ne5 Kg7 25. Rc4 Rxc4 26. Nxc4 Qc7 27. Ne5 Rb5
28. Nc6 Rd5 29. Rc1 Qb7 30. Rc5 Rxd4 31. Qf3 Ra4 32. Rc1 Ra2 33. h4 h5 34. Qe4
Rb2 35. Rc2 Rb5 36. Qf3 Rb1 37. Qe4 Ra1 38. Re2 a6 39. Rc2 Qb1 40. Kh2 Qg1+ 41.
Kh3 Qb1 42. Re2 Qd1 43. Kh2 Qg1+ 44. Kh3 Ra4 45. Qf3 Bxh4 46. Ne5 Bf6 47. Nd7
Qa1 48. Re1 Qd4 49. Rd1 Qg4+ 50. Kg2 Qxf3+ 51. Kxf3 Rxa5 0-1

[Event "DRUZYNOWE MISTRZOSTWA POLSKI - II LIGA 2018"]
[Site "Jastrzebia Gora"]
[Date "1899-12-30"]
[Round "2.74"]
[White "Mickiewicz, Piotr"]
[Black "Bednarczyk, Damian"]
[Result "0-1"]
[WhiteTitle "m"]
[BlackTitle "k"]
[WhiteElo "2265"]
[BlackElo "2215"]

1. Nf3 c5 2. g3 Nc6 3. Bg2 g6 4. O-O Bg7 5. c4 e5 6. Nc3 Nge7 7. Ne1 d6 8. Nc2
Be6 9. Ne3 Qd7 10. Ned5 O-O 11. d3 Kh8 12. Rb1 Bh3 13. a3 Bxg2 14. Kxg2 Rac8 15.
b4 cxb4 16. axb4 Nxd5 17. Nxd5 b5 18. cxb5 Nd4 19. e4 Nxb5 20. Qa4 Qb7 21. Be3
f5 22. Rfc1 fxe4 23. dxe4 Nd4 24. Rxc8 Qxc8 25. h3 Qc4 26. Qd1 Ne2 27. f3 Qa2
28. Bf2 Nd4 29. Nc3 Qc4 30. Bxd4 exd4 31. Nd5 Qa2+ 32. Kg1 Rxf3 33. Qxf3 Qxb1+
34. Kg2 Qc2+ 35. Kf1 d3 36. Ne3 Qc1+ 37. Kg2 Qd2+ 38. Kf1 Qxb4 39. Nd5 Qb1+ 40.
Kg2 Qc2+ 41. Kf1 a5 42. Ne3 Qc1+ 43. Kg2 Qd2+ 44. Kh1 Qe1+ 45. Nf1 d2 46. e5 h6
0-1

[Event "DRUZYNOWE MISTRZOSTWA POLSKI - II LIGA 2018"]
[Site "Jastrzebia Gora"]
[Date "1899-12-30"]
[Round "2.75"]
[White "Lapczynski, Artur"]
[Black "Pazderski, Ziemowit"]
[Result "1-0"]
[WhiteTitle "I"]
[BlackTitle "k+"]
[WhiteElo "2050"]
[BlackElo "2239"]

1. e4 Nf6 2. e5 Nd5 3. d4 d6 4. c4 Nb6 5. exd6 exd6 6. Nc3 Bf5 7. Be3 Be7 8. Qf3
Bd7 9. Bd3 Na6 10. b3 c6 11. Rc1 Nc7 12. Qg3 g6 13. Nge2 Qc8 14. Bf4 O-O 15. h4
Bf5 16. Ne4 Bxe4 17. Bxe4 d5 18. Bxg6 fxg6 19. Bxc7 Bb4+ 20. Kf1 dxc4 21. h5 Qf5
22. hxg6 Qxg6 23. Qxg6+ hxg6 24. bxc4 Bd2 25. Rc2 Be3 26. f3 Nd7 27. Rc3 Rae8
28. Rb3 b6 29. Ra3 c5 30. d5 b5 31. cxb5 Nb6 32. d6 c4 33. Rh4 Bc5 34. Rc3 Nd5
35. Rhxc4 Bb6 36. d7 Rxe2 37. Kxe2 Bxc7 38. Rxc7 Rd8 39. Rc8 Nxc3+ 40. Kd3 1-0

[Event "DRUZYNOWE MISTRZOSTWA POLSKI - II LIGA 2018"]
[Site "Jastrzebia Gora"]
[Date "1899-12-30"]
[Round "2.76"]
[White "Maciaga, Marcin"]
[Black "Mirski, Michal"]
[Result "1-0"]
[WhiteTitle "k+"]
[BlackTitle "I"]
[WhiteElo "2117"]
[BlackElo "1988"]

1. c4 e5 2. g3 Nc6 3. Bg2 f5 4. Nc3 Nf6 5. d3 Bc5 6. Nf3 O-O 7. O-O a6 8. Nd5 h6
9. Nxe5 Nxe5 10. d4 Bd6 11. dxe5 Bxe5 12. Bf4 d6 13. Bxe5 dxe5 14. Qb3 c6 15.
Nb6 Rb8 16. c5+ Kh7 17. Rfd1 Qe7 18. Rd6 Bd7 19. Rad1 Be8 20. Qc2 e4 21. Bh3 Bg6
22. e3 Qe5 23. b4 Bh5 24. R1d4 Bf7 25. f4 exf3 26. Qxf5+ Qxf5 27. Bxf5+ Kg8 28.
a3 Ne8 29. Rd8 Rxd8 30. Rxd8 f2+ 31. Kf1 g6 32. Bd3 Be6 33. Bc4 Kf7 34. Bxe6+
Kxe6 35. Nc8 Kf7 36. Kxf2 Nf6 37. Nd6+ Ke7 38. Rxf8 Kxf8 39. h3 b6 40. cxb6 Ke7
41. b7 Nd7 42. Nc4 Kd8 43. Ne5 Nb8 44. Nxg6 Kc7 45. Ne5 Kxb7 46. g4 Kc7 47. Kf3
a5 48. bxa5 c5 49. h4 Kd6 50. Ke4 Ke6 51. g5 hxg5 52. hxg5 Na6 53. g6 Kf6 54.
Kd5 Nc7+ 55. Kxc5 Kxe5 56. Kc6 Ne6 57. a6 1-0

[Event "DRUZYNOWE MISTRZOSTWA POLSKI - II LIGA 2018"]
[Site "Jastrzebia Gora"]
[Date "1899-12-30"]
[Round "2.77"]
[White "Wnek, Filip"]
[Black "Choroszej, Aleksander"]
[Result "1/2-1/2"]
[WhiteTitle "I"]
[BlackTitle "k"]
[WhiteElo "1806"]
[BlackElo "2054"]

1. e4 g6 2. d4 Bg7 3. Nf3 d6 4. Nc3 a6 5. Be3 Nd7 6. Bc4 e6 7. h3 h6 8. Qd2 b6
9. O-O Bb7 10. Nh2 Ngf6 11. f3 Qe7 12. Rae1 Kf8 13. Bf2 Ne8 14. f4 Kg8 15. f5
Kh7 16. Bg3 c5 17. dxc5 bxc5 18. Nf3 Nb6 19. Bd3 e5 20. fxg6+ fxg6 21. Bh4 Bf6
22. Bxf6 Nxf6 23. Qf2 Nh5 24. Nd5 Nxd5 25. exd5 Rhf8 26. c4 Rf4 27. g3 Rf6 28.
Kg2 Raf8 29. Qc2 Bc8 30. Nh4 Rxf1 31. Bxg6+ Kg7 32. Rxf1 Rxf1 33. Bxh5 Qg5 34.
Kxf1 Bxh3+ 35. Kg1 Qxh5 36. Kh2 Bd7 37. a3 Qg4 38. Qd3 Qh3+ 39. Kg1 Qg4 40. b4
e4 41. Qc3+ Kf7 42. bxc5 dxc5 43. Ng2 Qd1+ 44. Kh2 Qh5+ 45. Kg1 Qd1+ 46. Kh2 Qh5+
47. Nh4 Qe2+ 48. Ng2 Qh5+ 49. Nh4 Qe2+ 50. Ng2 1/2-1/2

[Event "DRUZYNOWE MISTRZOSTWA POLSKI - II LIGA 2018"]
[Site "Jastrzebia Gora"]
[Date "1899-12-30"]
[Round "2.78"]
[White "Andrejczuk, Beata"]
[Black "Siwek, Kinga"]
[Result "1-0"]
[WhiteTitle "WFM"]
[BlackTitle "I+"]
[WhiteElo "2057"]
[BlackElo "1855"]

1. e4 c5 2. Nc3 Nc6 3. f4 g6 4. Nf3 Bg7 5. Bc4 e6 6. d3 Nge7 7. O-O O-O 8. Qe1
d5 9. Bb3 Rb8 10. a4 Nd4 11. Nxd4 Bxd4+ 12. Kh1 b6 13. Qh4 f5 14. e5 Ba6 15. Nb5
Bxb5 16. axb5 Qc7 17. c3 c4 18. dxc4 dxc4 19. Ba2 Bc5 20. Bxc4 Nd5 21. b3 Rbd8
22. Bd2 Qd7 23. Bxd5 Qxd5 24. Rxa7 Rd7 25. Rxd7 Qxd7 26. Qe1 Qxb5 27. b4 Be7 28.
Be3 Rc8 29. Bd4 Rc4 30. Qa1 Kf7 31. Kg1 Qc6 32. Qa7 Kf8 33. Qb8+ Kf7 34. Qh8 Bxb4
35. Qxh7+ Kf8 36. Qh8+ Ke7 37. Qf6+ Ke8 38. Qxg6+ Ke7 39. Qf6+ Ke8 40. cxb4 Rxd4
41. Ra1 Qe4 42. Qh8+ Kd7 43. Ra7+ Kc6 44. Qe8+ Kd5 45. Qb5# 1-0

[Event "DRUZYNOWE MISTRZOSTWA POLSKI - II LIGA 2018"]
[Site "Jastrzebia Gora"]
[Date "1899-12-30"]
[Round "2.79"]
[White "Kosiorek, Marek"]
[Black "Dlugosz, Jedrzej"]
[Result "0-1"]
[WhiteTitle "m"]
[BlackTitle "m"]
[WhiteElo "2307"]
[BlackElo "2367"]

1. d4 Nf6 2. Nf3 c5 3. c4 cxd4 4. Nxd4 e5 5. Nb5 d5 6. cxd5 Bc5 7. N5c3 O-O 8.
e3 e4 9. Nd2 Qe7 10. a3 Rd8 11. b4 Bd6 12. Bb2 Be5 13. Qb3 Bf5 14. h3 Nbd7 15.
Nc4 Bb8 16. Rd1 Nf8 17. Rd2 Ng6 18. Qd1 b6 19. Nb5 Qe8 20. Bxf6 gxf6 21. Qh5 Ne7
22. Nc3 b5 23. Na5 a6 24. Nc6 Bg6 25. Nxe7+ Qxe7 26. Qd1 f5 27. g3 Be5 28. Qb3
Bh5 29. Be2 Rac8 30. Nd1 Bxe2 31. Rxe2 Rc4 32. Rd2 Qb7 33. d6 Qc6 34. O-O Rxd6
35. Rxd6 Qxd6 36. f4 exf3 37. Rxf3 Bxg3 38. Kg2 Be5 39. Qb1 Qg6+ 40. Kh1 f4 41.
Qxg6+ hxg6 42. exf4 Rxf4 43. Re3 Rf1+ 44. Kg2 Rxd1 45. Rxe5 Rd2+ 46. Kg1 Rd3 47.
a4 bxa4 48. Kg2 Rb3 49. Ra5 Rxb4 50. Rxa6 Kg7 0-1

[Event "DRUZYNOWE MISTRZOSTWA POLSKI - II LIGA 2018"]
[Site "Jastrzebia Gora"]
[Date "1899-12-30"]
[Round "2.80"]
[White "Wyczling, Bartosz"]
[Black "Myc, Marcin"]
[Result "1/2-1/2"]
[WhiteTitle "k"]
[BlackTitle "m"]
[WhiteElo "2216"]
[BlackElo "2267"]

1. d4 d5 2. c4 Nc6 3. Nc3 dxc4 4. Nf3 Nf6 5. Bg5 Nd5 6. e4 Nxc3 7. bxc3 Na5 8.
Ne5 c6 9. Nxc4 g6 10. Qd2 Be6 11. Ne3 Bg7 12. Be2 O-O 13. O-O b5 14. Rad1 Qd6
15. f4 f6 16. Bh4 Bh6 17. f5 Bf7 18. Bg3 Qa3 19. Qd3 Nc4 20. Ng4 Bg7 21. Ra1 Rad8
22. Bf4 Ne5 23. Qc2 Nxg4 24. Bxg4 b4 25. cxb4 Rxd4 26. Qxc6 Rc4 27. Qb7 Rxb4 28.
Qxe7 Re8 29. Qc7 Rbxe4 30. Bf3 R4e7 31. Qc6 Qb4 32. Bd6 Qd4+ 33. Kh1 Qxa1 34.
Qxe8+ Rxe8 35. Rxa1 Bf8 36. Bxf8 Kxf8 37. fxg6 hxg6 38. Kg1 Re3 39. a3 Rc3 40.
Kf2 1/2-1/2

[Event "DRUZYNOWE MISTRZOSTWA POLSKI - II LIGA 2018"]
[Site "Jastrzebia Gora"]
[Date "1899-12-30"]
[Round "2.81"]
[White "Czapla, Andrzej"]
[Black "Kindler, Przemyslaw"]
[Result "0-1"]
[WhiteTitle "I"]
[BlackTitle "k"]
[WhiteElo "1987"]
[BlackElo "2109"]

1. Nf3 d6 2. d4 Nf6 3. c4 Nbd7 4. Bf4 c6 5. Nc3 g6 6. h3 Bg7 7. e3 a6 8. Be2 b5
9. a3 O-O 10. O-O bxc4 11. Bxc4 c5 12. Qe2 Bb7 13. Rfd1 cxd4 14. exd4 Nb6 15.
Ba2 Nbd5 16. Nxd5 Nxd5 17. Bd2 Qb6 18. Bxd5 Bxd5 19. Bc3 e6 20. Qe3 f5 21. Ne1
f4 22. Qd3 f3 23. Nxf3 Rxf3 24. gxf3 Rf8 25. Re1 Bh6 26. Re4 Qd8 27. Rae1 Qg5+
28. Rg4 Qh5 29. Kg2 Bxf3+ 30. Qxf3 Rxf3 31. Kxf3 Qxh3+ 32. Rg3 Qf5+ 33. Ke2 Bf4
34. Rg2 h5 35. Reg1 g5 36. f3 h4 37. Rg4 h3 38. Rh1 Qc2+ 39. Kf1 Qd1+ 0-1

[Event "DRUZYNOWE MISTRZOSTWA POLSKI - II LIGA 2018"]
[Site "Jastrzebia Gora"]
[Date "1899-12-30"]
[Round "2.82"]
[White "Piliczewski, Bogusz"]
[Black "Lukasik, Adam"]
[Result "1-0"]
[WhiteTitle "I+"]
[BlackTitle "I"]
[WhiteElo "2042"]
[BlackElo "1985"]

1. d4 d6 2. Nf3 Nf6 3. Bf4 g6 4. h3 Bg7 5. e3 O-O 6. c4 Nbd7 7. Nc3 Qe8 8. Bh2
a6 9. Be2 e5 10. O-O Qe7 11. c5 Rd8 12. cxd6 cxd6 13. Qb3 exd4 14. exd4 Nb8 15.
Rfe1 Qc7 16. Rac1 Qa5 17. Bc4 Rd7 18. Ne4 d5 19. Nxf6+ Bxf6 20. Bxd5 Nc6 21. Rxc6
bxc6 22. Bxc6 Raa7 23. Bxd7 Rxd7 24. Re8+ Kg7 25. Rxc8 Bxd4 26. Qa3 Qb6 27. Nxd4
Qxd4 28. Qf8+ Kf6 29. Qh8+ Kg5 30. Qxd4 Rxd4 31. f4+ 1-0

[Event "DRUZYNOWE MISTRZOSTWA POLSKI - II LIGA 2018"]
[Site "Jastrzebia Gora"]
[Date "1899-12-30"]
[Round "2.83"]
[White "Kurpiewski, Slawomir"]
[Black "Putlak, Wojciech"]
[Result "0-1"]
[WhiteTitle "k"]
[BlackTitle "I++"]
[WhiteElo "1997"]
[BlackElo "2017"]

1. f4 Nf6 2. Nf3 g6 3. d3 Bg7 4. g3 O-O 5. Bg2 d5 6. O-O c6 7. c3 Bg4 8. Qc2 Nbd7
9. h3 Bxf3 10. Bxf3 e5 11. e4 dxe4 12. dxe4 Qb6+ 13. Kh2 Rfe8 14. Na3 Rad8 15.
Nc4 Qc7 16. a4 b6 17. Be3 h5 18. Bg2 Nh7 19. f5 Ndf8 20. Rae1 Bf6 21. Rf2 h4 22.
g4 g5 23. Qc1 b5 24. Nd2 Be7 25. Bf1 a6 26. Nf3 f6 27. b4 Nd7 28. Ra2 Ra8 29.
Qb2 Nb6 30. Qb3+ Kg7 31. a5 Nd7 32. Rd2 c5 33. Red1 Nhf8 34. Rd5 Rac8 35. c4 bxc4
36. Qa4 Red8 37. Bxc4 cxb4 38. Bxa6 Ra8 39. Be2 Nc5 40. Bxc5 Bxc5 41. a6 Rxd5
42. Rxd5 Qb6 43. Qb5 Qxb5 44. Bxb5 Ba7 45. Kg2 Rc8 46. Bd3 Rc7 47. Rb5 Bc5 48.
Kf1 Nd7 49. Ke2 Kf8 50. Ne1 Ra7 51. Ra5 Ke7 52. Bc4 Kd6 53. Nd3 Kc6 54. Kd2 Bd6
55. Kc2 Nb8 56. Kb3 Kb6 57. Rb5+ Kc6 58. Nxb4+ Bxb4 59. Rxb8 Be7 60. Re8 Kd7 61.
Bb5+ Kd6 62. Rc8 Rc7 63. a7 Rxc8 0-1

[Event "DRUZYNOWE MISTRZOSTWA POLSKI - II LIGA 2018"]
[Site "Jastrzebia Gora"]
[Date "1899-12-30"]
[Round "2.84"]
[White "Kindler, Karolina"]
[Black "Waszczuk, Patrycja"]
[Result "0-1"]
[WhiteTitle "I++"]
[BlackTitle "k"]
[WhiteElo "1632"]
[BlackElo "1983"]

1. d4 d5 2. Bf4 Nf6 3. e3 c6 4. c4 Bf5 5. Nf3 e6 6. Nc3 h6 7. Qb3 b6 8. Rc1 Bd6
9. Bxd6 Qxd6 10. c5 Qd8 11. cxb6 axb6 12. Ne5 O-O 13. Bd3 Bxd3 14. Nxd3 Nbd7 15.
Na4 Rc8 16. O-O Ne4 17. Qb4 Qc7 18. f3 Nd6 19. b3 Nb7 20. Rc2 Rfe8 21. Rfc1 Na5
22. Qc3 Qa7 23. Qb2 Nc4 24. bxc4 Qxa4 25. Nb4 Ra8 26. cxd5 cxd5 27. Rc7 Qb5 28.
Rb7 Rac8 29. Rcc7 Rxc7 30. Rxc7 e5 31. dxe5 Nxe5 32. Qd4 Qe2 33. h3 Qe1+ 34. Kh2
Qf2 35. Kh1 Nxf3 36. gxf3 Qxf3+ 37. Kg1 Qg3+ 38. Kf1 Qxc7 39. Nxd5 Qg3 40. Nxb6
Rxe3 41. Qb4 Rf3+ 42. Ke2 Rf2+ 43. Kd1 Qd3+ 44. Kc1 Qc2# 0-1

[Event "DRUZYNOWE MISTRZOSTWA POLSKI - II LIGA 2018"]
[Site "Jastrzebia Gora"]
[Date "1899-12-30"]
[Round "2.85"]
[White "Borawski, Jakub"]
[Black "Krzywda, Andrzej"]
[Result "1-0"]
[WhiteTitle "k"]
[BlackTitle "CM"]
[WhiteElo "2150"]
[BlackElo "2232"]

1. f4 b5 2. e3 g6 3. d4 Bg7 4. Nf3 c5 5. b3 Nh6 6. Bd3 Nc6 7. c3 O-O 8. O-O Qc7
9. Ba3 cxd4 10. cxd4 Nf5 1-0

[Event "DRUZYNOWE MISTRZOSTWA POLSKI - II LIGA 2018"]
[Site "Jastrzebia Gora"]
[Date "1899-12-30"]
[Round "2.86"]
[White "Szymanski, Piotr"]
[Black "Daniel, Damian"]
[Result "1/2-1/2"]
[WhiteTitle "CM"]
[BlackTitle "k"]
[WhiteElo "2242"]
[BlackElo "2174"]

1. d4 Nf6 2. Nf3 e6 3. c4 Nc6 4. g3 Bb4+ 5. Bd2 Bxd2+ 6. Qxd2 d6 7. Bg2 O-O 8.
O-O e5 9. Nc3 Bg4 10. e3 Re8 11. h3 Bf5 12. Nh4 exd4 13. Nxf5 dxc3 14. Qxc3 g6
15. Nd4 Ne4 16. Qc2 Qe7 17. Rad1 a5 18. Kh2 Nb4 19. Qb1 Na6 20. Nb5 Nac5 21. Qc2
a4 22. Rd4 f5 23. Rfd1 Kg7 24. Kg1 Ne6 25. R4d3 N6c5 26. Rd4 Ne6 27. R4d3 N6c5
28. Rd4 1/2-1/2

[Event "DRUZYNOWE MISTRZOSTWA POLSKI - II LIGA 2018"]
[Site "Jastrzebia Gora"]
[Date "1899-12-30"]
[Round "2.87"]
[White "Szmyd, Marek"]
[Black "Zgadzaj, Rafal"]
[Result "1-0"]
[WhiteTitle "k"]
[BlackTitle "k"]
[WhiteElo "1921"]
[BlackElo "2154"]

1. b3 Nf6 2. Bb2 g6 3. e3 Bg7 4. f4 d6 5. Nf3 O-O 6. g3 a5 7. a4 Nc6 8. Bg2 e5
9. fxe5 Ng4 10. O-O Ngxe5 11. Nxe5 Nxe5 12. Na3 c6 13. d4 Ng4 14. Qd3 d5 15. e4
dxe4 16. Bxe4 Nf6 17. Bf3 Bf5 18. Qd1 Nd5 19. Nc4 Re8 20. Qd2 Bh3 21. Rf2 Qc7
22. Re2 Rxe2 23. Qxe2 Rd8 24. Qd2 Nb4 25. c3 Nd5 26. Re1 h5 27. Qf2 Be6 28. Ne5
Ne7 29. c4 Qb6 30. Bd1 Nf5 31. c5 Qc7 32. Nxg6 Nxd4 33. Nf4 Bg4 34. Nxh5 Bxd1
35. Rxd1 Qe5 36. Nxg7 Ne2+ 37. Qxe2 Qxe2 38. Rxd8+ Kh7 39. Bd4 Qd1+ 40. Kg2 Qxb3
41. g4 Qd1 42. Kg3 Qe1+ 43. Kf4 Qf1+ 44. Kg5 Qc1+ 45. Kf6 Qh6+ 46. Kxf7 Qg6+ 47.
Ke7 Qg5+ 48. Bf6 Qxc5+ 49. Kf7 Qc2 50. Ne6 Qg6+ 51. Ke7 Qe4 52. Rh8+ Kg6 53. Rg8+
Kh7 54. Kf7 1-0

[Event "DRUZYNOWE MISTRZOSTWA POLSKI - II LIGA 2018"]
[Site "Jastrzebia Gora"]
[Date "1899-12-30"]
[Round "2.88"]
[White "Malecki, Rafal"]
[Black "Zminda, Bogdan"]
[Result "1-0"]
[WhiteTitle "k+"]
[BlackTitle "k"]
[WhiteElo "2030"]
[BlackElo "1982"]

1. Nf3 Nf6 2. g3 g6 3. Bg2 Bg7 4. O-O O-O 5. d3 d5 6. Nbd2 c6 7. e4 Bg4 8. h3 Bxf3
9. Qxf3 Nbd7 10. exd5 cxd5 11. d4 Rc8 12. Qb3 b6 13. Re1 e6 14. a4 Ne8 15. c3
Nd6 16. Qa3 Qc7 17. Bf1 Nf6 18. Nf3 Nc4 19. Qa2 Ne4 20. Bf4 Qb7 21. Bd3 f5 22.
Ng5 Nxg5 23. Bxg5 h6 24. Bc1 Qf7 25. Bxc4 Rxc4 26. Bf4 g5 27. Bd6 f4 28. Bxf8
fxg3 29. b3 Rxc3 30. Bxg7 Qf5 31. Qe2 gxf2+ 32. Qxf2 Qxh3 33. Qf8+ Kh7 34. Qh8+
Kg6 35. Qxh6+ 1-0

[Event "DRUZYNOWE MISTRZOSTWA POLSKI - II LIGA 2018"]
[Site "Jastrzebia Gora"]
[Date "1899-12-30"]
[Round "2.89"]
[White "Borowski, Przemyslaw"]
[Black "Szajda, Marcin"]
[Result "0-1"]
[WhiteTitle "I"]
[BlackTitle "I++"]
[WhiteElo "1807"]
[BlackElo "1995"]

1. e4 c5 2. Nf3 Nc6 3. d4 cxd4 4. Nxd4 g6 5. c4 Bg7 6. Be3 Nf6 7. f3 d6 8. Qd2
O-O 9. Nc3 Bd7 10. g4 a6 11. g5 Nh5 12. Nxc6 bxc6 13. Ne2 Rb8 14. Rb1 f5 15. f4
e5 16. Qxd6 exf4 17. Nxf4 Qxg5 18. Ng2 f4 19. Qxd7 fxe3 20. Qh3 Qa5+ 21. b4 Rxb4
0-1

[Event "DRUZYNOWE MISTRZOSTWA POLSKI - II LIGA 2018"]
[Site "Jastrzebia Gora"]
[Date "1899-12-30"]
[Round "2.90"]
[White "Chmiel, Dominika"]
[Black "Czaplewska, Klara"]
[Result "1/2-1/2"]
[WhiteTitle "m"]
[BlackTitle "k+"]
[WhiteElo "2098"]
[BlackElo "1873"]

1. e4 e5 2. f4 d5 3. exd5 exf4 4. Nf3 Nf6 5. Bb5+ Bd7 6. Bxd7+ Nbxd7 7. O-O Be7
8. c4 h6 9. d4 g5 10. Re1 O-O 11. Ne5 Re8 12. Bd2 Bf8 13. Bc3 Nb6 14. Qd3 Bg7
15. Nd2 Nc8 16. Re2 Nd6 17. Rae1 Qc8 18. c5 Nf5 19. Ng4 Rxe2 20. Nxf6+ Bxf6 21.
Qxe2 Qd7 22. Ne4 Bg7 23. d6 cxd6 24. d5 dxc5 25. Bxg7 Kxg7 26. Qc4 Rd8 27. d6
b6 28. b4 Qe6 29. Qc3+ Kg6 30. bxc5 bxc5 31. Nxg5 Qxd6 32. Nf3 Nd4 33. Ne5+ Kg7
34. Nd3 Qf6 35. Qxc5 Nf3+ 36. gxf3 Rxd3 37. Kh1 Rc3 38. Rg1+ Kh7 39. Qf8 h5 40.
Qg8+ Kh6 41. Qf8+ 1/2-1/2

[Event "DRUZYNOWE MISTRZOSTWA POLSKI - II LIGA 2018"]
[Site "Jastrzebia Gora"]
[Date "1899-12-30"]
[Round "2.91"]
[White "Schmidt, Wlodzimierz"]
[Black "Luba, Lukasz"]
[Result "1/2-1/2"]
[WhiteTitle "GM"]
[BlackTitle "I++"]
[WhiteElo "2250"]
[BlackElo "2130"]

1. d4 d5 2. c4 c6 3. Nc3 Nf6 4. Nf3 h6 5. cxd5 cxd5 6. Bf4 Nc6 7. e3 a6 8. Bd3
Bg4 9. h3 Bxf3 10. Qxf3 e6 11. O-O g5 12. Bg3 h5 13. Rad1 g4 14. Qe2 Be7 15. Bb1
Qb6 16. e4 gxh3 17. exd5 h4 18. Be5 Nxe5 19. dxe5 Rg8 20. dxe6 Rxg2+ 21. Kh1 Ng4
22. Nd5 Rh2+ 23. Kg1 Rg2+ 24. Kh1 Rh2+ 25. Kg1 Rg2+ 26. Kh1 1/2-1/2

[Event "DRUZYNOWE MISTRZOSTWA POLSKI - II LIGA 2018"]
[Site "Jastrzebia Gora"]
[Date "1899-12-30"]
[Round "2.92"]
[White "Flak, Pawel"]
[Black "Steczek, Marcin"]
[Result "1/2-1/2"]
[WhiteTitle "k"]
[BlackTitle "FM"]
[WhiteElo "2159"]
[BlackElo "2386"]

1. d4 Nf6 2. Nf3 e6 3. Bf4 c5 4. e3 b6 5. h3 Bb7 6. Be2 Be7 7. O-O O-O 8. Nbd2
cxd4 9. exd4 d6 10. c3 Nbd7 11. Re1 Re8 12. Rc1 Bf8 13. Bh2 a6 14. Nc4 Qc7 15.
Bd3 Bc6 16. Ncd2 Qb7 17. Qc2 h6 18. Ne4 Nxe4 19. Bxe4 Bxe4 20. Qxe4 Qxe4 21. Rxe4
b5 22. Kf1 Rec8 23. Ree1 Nb6 24. Nd2 Rc6 25. Ke2 Rac8 26. Kd3 Na4 27. Kc2 d5 28.
Kb1 Nb6 29. Nf3 f6 30. Red1 Kf7 31. Ne1 a5 32. Nd3 Rc4 33. Bf4 R4c6 34. Bd2 Nc4
35. Be1 Nd6 36. g4 Be7 37. f3 Nc4 38. Bf2 Bd6 39. b3 Nb6 40. Kb2 a4 41. Nc5 Bxc5
42. dxc5 Nd7 43. b4 Ne5 44. f4 Nc4+ 45. Kc2 h5 46. f5 hxg4 47. hxg4 Rh8 48. Rh1
Rcc8 49. fxe6+ Kxe6 50. g5 Rxh1 51. Rxh1 fxg5 52. Bd4 Kf5 53. Rf1+ Kg6 54. Re1
Rh8 55. Re7 Rh2+ 56. Kd1 Rxa2 57. c6 a3 58. Ra7 Ra1+ 59. Ke2 Ra2+ 60. Ke1 Kf5
61. c7 Nd6 62. c4 dxc4 63. Ra6 Nc8 64. Ra8 Ke6 65. Rxc8 Kd7 66. Rg8 Kxc7 67. Rxg7+
Kc8 68. Rxg5 Rb2 69. Rc5+ Kd7 70. Rxb5 Rb1+ 71. Kd2 a2 72. Rd5+ Kc6 73. Rc5+ Kb7
74. Ra5 Rxb4 75. Rxa2 Rb3 76. Kc2 Kc6 77. Ra5 Rb5 78. Ra8 Rb3 79. Rc8+ Kd5 80.
Bg1 Rg3 81. Bf2 Rg2 82. Rf8 Rh2 83. Kd2 Rh6 84. Rf5+ Ke4 85. Rf8 Rh3 86. Re8+
Kd5 87. Rd8+ Kc6 88. Be3 Kb5 89. Rb8+ Kc6 90. Re8 Kd5 91. Kc3 Rf3 92. Kb4 Rf6
93. Rd8+ Rd6 94. Ra8 Re6 95. Ra5+ Ke4 96. Ba7 Rc6 97. Kc3 Rc8 98. Bc5 Kd5 99.
Bd4+ Ke4 100. Re5+ Kf4 101. Rh5 Kg4 102. Ra5 Kf4 103. Bc5 Ke4 104. Kxc4 Rd8 105.
Ra6 Rd1 1/2-1/2

[Event "DRUZYNOWE MISTRZOSTWA POLSKI - II LIGA 2018"]
[Site "Jastrzebia Gora"]
[Date "1899-12-30"]
[Round "2.93"]
[White "Walaszczyk, Witold"]
[Black "Rakowiecki, Andrzej"]
[Result "1-0"]
[WhiteTitle "k"]
[BlackTitle "I"]
[WhiteElo "2100"]
[BlackElo "1962"]

1. d4 Nf6 2. c4 e6 3. g3 Bb4+ 4. Nc3 c5 5. Nf3 cxd4 6. Nxd4 Ne4 7. Qd3 Nc5 8. Qc2
Nc6 9. Nxc6 bxc6 10. Bg2 O-O 11. O-O d5 12. cxd5 cxd5 13. Nxd5 exd5 14. a3 Bxa3
15. Rxa3 Ne4 16. Rd1 Bf5 17. Qb3 Rc8 18. Be3 Qc7 19. Rxa7 Qe5 20. Qxd5 Qxd5 21.
Rxd5 Bg6 22. h4 Nf6 23. Rda5 Rcd8 24. Ra1 Ng4 25. Bc5 Rfe8 26. Ra8 Bf5 27. Rxd8
Rxd8 28. b4 Nf6 29. Bc6 Nd7 30. Bxd7 Bxd7 31. Rd1 f6 32. Be7 Rc8 33. Rxd7 Rc1+
34. Kg2 Kf7 35. Bc5+ Kg6 36. h5+ Kxh5 37. Rxg7 Rd1 38. Be3 h6 39. g4+ Kh4 40.
f3 1-0

[Event "DRUZYNOWE MISTRZOSTWA POLSKI - II LIGA 2018"]
[Site "Jastrzebia Gora"]
[Date "1899-12-30"]
[Round "2.94"]
[White "Leszner, Liliana"]
[Black "Swiatnicki, Andrzej"]
[Result "0-1"]
[WhiteTitle "WIM"]
[BlackTitle "k"]
[WhiteElo "2017"]
[BlackElo "2008"]

1. e4 e6 2. d3 d5 3. Nd2 Nf6 4. g3 dxe4 5. dxe4 e5 6. Ngf3 Nc6 7. c3 a5 8. Bg2
Bc5 9. O-O O-O 10. a4 b6 11. Nb3 Ba6 12. Qxd8 Raxd8 13. Re1 Be7 14. Bf1 Bxf1 15.
Kxf1 Rd3 16. Kg2 Rfd8 17. Nbd2 Ne8 18. Nc4 f6 19. Ne3 Bc5 20. Re2 Bxe3 21. Bxe3
Kf7 22. Nd2 Ke6 23. f4 Rxe3 24. Rxe3 Rxd2+ 25. Kf3 Rxb2 26. h4 Nd6 27. f5+ Ke7
28. g4 Nd8 29. Rd3 N8b7 30. g5 Nc5 31. Re3 Rh2 32. Kg3 Rc2 33. gxf6+ Kxf6 34.
Kf3 Nc4 35. Ree1 Rxc3+ 36. Kg4 Ne3+ 37. Kh5 Nxe4 38. Rg1 Nxf5 0-1

[Event "DRUZYNOWE MISTRZOSTWA POLSKI - II LIGA 2018"]
[Site "Jastrzebia Gora"]
[Date "1899-12-30"]
[Round "2.95"]
[White "Smagalski, Slawomir"]
[Black "Magierski, Dariusz"]
[Result "1-0"]
[WhiteTitle "I+"]
[BlackTitle "II"]
[WhiteElo "1911"]
[BlackElo "1614"]

1. Nf3 Nf6 2. c4 g6 3. g3 Bg7 4. Bg2 O-O 5. Nc3 d6 6. O-O c6 7. d4 Nbd7 8. e4 e5
9. d5 cxd5 10. cxd5 Nc5 11. Re1 Bg4 12. b4 Ncd7 13. h3 Bxf3 14. Bxf3 Ne8 15. Bd2
Nb6 16. Qb3 Rc8 17. Be2 f5 18. Kg2 Qf6 19. Rf1 g5 20. exf5 Qxf5 21. Bg4 Rxc3 22.
Bxf5 Rxb3 23. Be6+ Kh8 24. axb3 Nc7 25. Rxa7 Nbxd5 26. Bxd5 Nxd5 27. Rxb7 Bf6
28. Rd1 Ne7 29. b5 Kg8 30. Bb4 Nc8 31. Rb8 Kf7 32. b6 Bd8 33. Rxc8 Bxb6 34. Rxf8+
Kxf8 35. Rxd6 Bxf2 36. Kxf2 1-0